Southville International School and Colleges
Your cart is empty.
  • Cart
  • Lists
    Public lists Eva Luna New books Lux_list list_1
    Your lists Log in to create your own lists
  • Log in to your account
  • Your cookies
  • Search history
Southville International School and Colleges
  • Advanced search
  • Recent comments
  • Most popular
  • Libraries

Log in to your account

Log in with GOOGLE


If you do not have an external account, but do have a local account, you can still log in:

  1. Home
  2. MARC view: Rhetoric in thought and writing /
Normal view MARC view ISBD view

Rhetoric in thought and writing / (Record no. 10203)

[ view plain ]
MARC details
000 -LEADER
fixed length control field 00506nam a22001697a 4500
003 - CONTROL NUMBER IDENTIFIER
control field SISC
005 - DATE AND TIME OF LATEST TRANSACTION
control field 20160317094518.0
008 - FIXED-LENGTH DATA ELEMENTS--GENERAL INFORMATION
fixed length control field 130902t xxu||||| |||| 00| 0 eng d
050 ## - LIBRARY OF CONGRESS CALL NUMBER
Classification number PE 1408
Item number .L668 1970
082 ## - DEWEY DECIMAL CLASSIFICATION NUMBER
Classification number HS 808
Item number L57 1970
100 ## - MAIN ENTRY--PERSONAL NAME
Personal name Levy, Edward R.
9 (RLIN) 16229
245 ## - TITLE STATEMENT
Title Rhetoric in thought and writing /
Statement of responsibility, etc Edward R. Levy, Charlene H. Tibbetts.
260 ## - PUBLICATION, DISTRIBUTION, ETC. (IMPRINT)
Place of publication, distribution, etc New York :
Name of publisher, distributor, etc Holt, Rinehart and Winston, Inc,
Date of publication, distribution, etc c1970.
300 ## - PHYSICAL DESCRIPTION
Extent 142 p. :
Dimensions 23 cm.
942 ## - ADDED ENTRY ELEMENTS (KOHA)
Source of classification or shelving scheme Library of Congress Classification
Koha item type Books
Holdings
Withdrawn status Lost status Source of classification or shelving scheme Damaged status Home library Current library Shelving location Date acquired Total Checkouts Full call number Barcode Date last seen Copy number Price effective from Koha item type
    Library of Congress Classification   Luxembourg Library Luxembourg Library High School Section 09/02/2013   PE 1408 .L668 1970 4420 03/17/2016 1 09/02/2013 Books

Rhetoric in thought and writing /

APA

Levy E. R., . (1970). Rhetoric in thought and writing. New York: Holt, Rinehart and Winston, Inc.

Chicago

Levy Edward R, . 1970. Rhetoric in thought and writing. New York: Holt, Rinehart and Winston, Inc.

Harvard

Levy E. R., . (1970). Rhetoric in thought and writing. New York: Holt, Rinehart and Winston, Inc.

MLA

Levy Edward R, . Rhetoric in thought and writing. New York: Holt, Rinehart and Winston, Inc. 1970.

  • Place hold
  • Print
  • Cite
  • Add to your cart (remove)
  • Save record
    BIBTEX Dublin Core MARCXML MARC (non-Unicode/MARC-8) MARC (Unicode/UTF-8) MARC (Unicode/UTF-8, Standard) MODS (XML) RIS
  • More searches
    Search for this title in:
    Other Libraries (WorldCat) Other Databases (Google Scholar) Online Stores (Bookfinder.com) Open Library (openlibrary.org)

Exporting to Dublin Core...

SOUTHVILLE LIBRARY

Southville International School and Colleges Library

1281 Tropical Ave. Cor. Luxembourg St., BF Homes International, Las Pinas City

Tel. No. 8256374 / 252358 Loc. 117/146

Powered by Koha